00207nam a22000857a 4500082001600000100001800016245003600034260002700070650002400097 a547.045 MUI aMuir,Pattison aA course of practical Chemistry aLondonbLongmansc1899 apractical chemistry